Statistics for Answer the Joke

Click here to take the quiz!

General Stats

  • This quiz has been taken 5 times
  • The average score is 2 of 10

Answer Stats

HintAnswer% Correct
I couldn't figure out why the baseball kept getting larger.Then it hit me
100%
Today at the bank an old lady asked me to check her balenceI pushed her
25%
My friend says to me: "What rhymes with orange" I said:"No it doesn't"
25%
What do you call a guy with a rubber toe?Roberto
25%
Why did the old man fall in the well?Because he couldn't see that well
0%
I know a lot of jokes about unemployed peoplebut none of them work
0%
What did the traffic light say to the car?Don’t look! I’m about to change
0%
I ate a clock yesterdayit was very time consuming
0%
Whatdya call a frenchman wearing sandals?Phillipe Phillope
0%
I am so good at sleepingthat I can do it with my eyes closed
0%

Score Distribution

Percentile by Number Answered

Percent of People with Each Score

Your Score History

You have not taken this quiz